| 000 | 00567nam a2200229Ia 4500 | ||
|---|---|---|---|
| 001 | 265 | ||
| 005 | 20240113233408.0 | ||
| 007 | ta | ||
| 008 | 050107s2003 g b000 u u | ||
| 040 | _aStack | ||
| 082 |
_a891.493 B _bNa 23 Jw |
||
| 100 | _aNarzi, Dhireswar Boro . | ||
| 245 | 0 |
_aJwngthi / _cDhireswar Boro Narzi. _hTextual Documents |
|
| 250 | _a1st ed / | ||
| 260 |
_aGuwahati : _bBina library , _c2003. |
||
| 300 |
_a110p. ; _c22cm. |
||
| 500 | _aOriginal in bodo | ||
| 653 | _aBodo novel | ||
| 942 |
_2ddc _cBK |
||
| 999 |
_c265 _d265 |
||